LEADER 01233cam a22003014a 4500 001 000000118467 003 CaOOAMICUS 005 20091130165838.0 008 091130t2008 it b 000 0 ita r 020 $a978-88-420-6388-9 040 $aPUL$bita$dReb 041 1 $aita$hspa 100 1 $aSavater, Fernando,$d1947-$0(OLS)http://pul/name/38347 240 10$aPreguntas de la vida$lItaliano.$0(OLS)http://pul/title/149090 245 13$aLe domande della vita /$cFernando Savater ; traduzione di Francesca Saltarelli. 250 $a6 ed. 260 $aRoma :$bLaterza,$cİ2008. 300 $axii, 252 p. ;$c21 cm. 490 1 $aEconomica Laterza ;$v220 650 4$aFilosofia occidentale.$0(OLS)http://pul/subject/35955 700 1 $aSaltarelli, Francesca.$0(OLS)http://pul/name/73992 830 0$aEconomica Laterza ;$v220.$0(OLS)http://pul/title/39309 850 $aPUL 852 $aPUL$W1$xSL Filosofia 3$y81$m196 SAVFE 1$j135907$qDDC 21$B134898$CPULBib$Z2$F134898 $H111795 $82 941 1 $a9 996 $6020$a978-88-420-6388-9$9(OLS)http://pul/number/142599 996 $6245$aLe domande della vita$9(OLS)http://pul/title/149091 996 $6260$aRoma :$bLaterza$9(OLS)http://pul/publisher/47864 LEADER 01546nam a2200361 a 4500 001 000000155906 003 CaOOAMICUS 005 20161107125537.0 008 161107s2016 it u000 u ita r 020 $a978-88-9317-002-4* 032 $aLibriCat 040 $aPUL$bita 082 $a348.45 110 1 $aItalia.$0(OLS)http://pul/name/1188 240 10$aCodice di procedura civile (2016).$0(OLS)http://pul/title/189040 245 10$aCodice di procedura civile e leggi complementari /$ca cura di Francesco Bartolini. 250 $a34. ed. 260 $aPiacenza :$bLa Tribuna,$cİ2016. 300 $a1197 p. ;$c19 cm. 490 1 $aI codici vigenti 2016 500 $aTesto su due colonne. 500 $aSulla cop.: Aggiornato con le nuove norme sugli uffici giudiziari (D.L. 31/08/2016, n. 168). 650 4$aProcedura civile$zItalia.$0(OLS)http://pul/subject/14566 700 1 $aBartolini, Francesco,$d1942-$0(OLS)http://pul/name/35926 830 0$aCodici vigenti 2016.$0(OLS)http://pul/title/189041 850 $aPUL 852 $aPUL$W1$xDP2 Diritto e Scienze Sociali 3$y110$m348. 45 COD 3.1.80$j179057$qDDC 21$B182223$CPULBib$Z2$F182223 $H128351 $81 941 1 $a9 996 $6020$a978-88-9317-002-4*$9(OLS)http://pul/number/161470 996 $6082$a348.45$9(OLS)http://pul/classification/373 996 $6245$aCodice di procedura civile e leggi complementari$9(OLS)http://pul/title/152263 996 $6260$aPiacenza :$bLa Tribuna$9(OLS)http://pul/publisher/69734